[Event "American Zonal 2_5 Open"]
[Site "Montevideo, URU"]
[Date "2013.04.19"]
[Round "1.1"]
[White "Flores, Diego"]
[Black "Magaldi, Nelson"]
[Result "1-0"]
[WhiteElo "2600"]
[BlackElo "2084"]

1. c4 Nf6 2. Nc3 d5 3. cxd5 Nxd5 4. g3 Nxc3 5. bxc3 g6 6. Bg2 Bg7 7. Rb1 c6
8. Nf3 O-O 9. O-O Nd7 10. d4 Nf6 11. Ba3 Ne4 12. Qc2 Nd6 13. Nd2 Qc7 14. e4
Nb5 15. Bb2 Nd6 16. c4 Ne8 17. f4 f5 18. e5 e6 19. Qb3 Qb6 20. Qd3 Qa6 21. Nb3
Rf7 22. Bc3 Bf8 23. Rfd1 Rd7 24. d5 cxd5 25. cxd5 Qxd3 26. Rxd3 Nc7 27. d6
Na6 28. Rdd1 Rb8 29. Nd4 Rd8 30. Bf1 Bd7 31. Rdc1 Nc5 32. Bb4 Ne4 33. Rc7 a6
34. Bc4 1-0

[Event "American Zonal 2_5 Open"]
[Site "Montevideo, URU"]
[Date "2013.04.19"]
[Round "1.2"]
[White "Bustelo, Tabare"]
[Black "Felgaer, Ruben"]
[Result "0-1"]
[WhiteElo "2079"]
[BlackElo "2585"]

1. d4 d5 2. Nc3 Bf5 3. f3 e6 4. e4 Bg6 5. a3 Nf6 6. Bg5 Be7 7. e5 Nfd7 8.
Bxe7 Qxe7 9. Nh3 a6 10. Nf4 c5 11. Nxg6 hxg6 12. f4 cxd4 13. Qxd4 g5 14. g3 Nc6
15. Qf2 gxf4 16. gxf4 Qh4 17. Ne2 g5 18. fxg5 Ndxe5 19. Qxh4 Rxh4 20. O-O-O
Ke7 21. Ng3 Rg8 22. g6 Rxg6 23. Bg2 Rg5 24. Rdf1 Rh8 25. Re1 f5 26. Ref1 Rg4
27. Bf3 Nxf3 28. Rxf3 Nd4 29. Rd3 Rxg3 30. Rxd4 Rgh3 31. Rd2 Kf6 32. a4 f4 33.
a5 Kf5 34. b4 {etc.} 0-1

[Event "American Zonal 2_5 Open"]
[Site "Montevideo, URU"]
[Date "2013.04.19"]
[Round "1.3"]
[White "Mareco, Sandro"]
[Black "Carbone, Diego"]
[Result "1-0"]
[WhiteElo "2580"]
[BlackElo "2074"]

1. d4 Nf6 2. c4 c5 3. d5 e6 4. Nc3 exd5 5. cxd5 d6 6. Nf3 g6 7. Bf4 a6 8. a4
Bg7 9. h3 O-O 10. e3 Re8 11. Be2 Nbd7 12. O-O Qc7 13. Nd2 Ne5 14. Bh2 b6 15.
Re1 Bb7 16. e4 Rac8 17. Bf1 h6 18. f4 Ned7 19. Nc4 Nh5 20. e5 dxe5 21. fxe5
Qd8 22. g4 b5 23. axb5 axb5 24. Nxb5 Qg5 25. Qc1 Bxe5 26. Qxg5 Bxh2+ 27. Kxh2
hxg5 28. Nbd6 Rxe1 29. Rxe1 Nhf6 30. Nxb7 Nxd5 31. Ncd6 Rf8 32. Bc4 N5b6 33.
Bb3 c4 34. Nxc4 Nxc4 35. Bxc4 Rb8 36. Bd5 Nf6 37. Bg2 1-0

[Event "American Zonal 2_5 Open"]
[Site "Montevideo, URU"]
[Date "2013.04.19"]
[Round "1.4"]
[White "Rodriguez, Gaston"]
[Black "Vasquez Schroeder, Rodrigo"]
[Result "0-1"]
[WhiteElo "2053"]
[BlackElo "2547"]

1. e4 c5 2. Nf3 e6 3. d4 cxd4 4. Nxd4 Nf6 5. Nc3 d6 6. Be3 a6 7. Bc4 Qa5 8.
f3 b5 9. Bb3 Nbd7 10. g4 Nc5 11. Qd2 Bb7 12. a3 Be7 13. g5 Nfd7 14. Ba2 Ne5
15. b4 Qc7 16. O-O Rd8 17. bxc5 dxc5 18. Ndxb5 axb5 19. Nxb5 Qc6 20. Qc3 Qxb5
21. Qxe5 O-O 22. Rab1 Qe2 23. Qc3 Qa6 24. Bc4 Qa8 25. Qb3 Bc6 26. Bf4 Kh8 27.
Bb5 Bxb5 28. Qxb5 Qxa3 29. Rb3 Qa8 30. Qb7 c4 31. Rb5 Qa4 32. Rfb1 Ba3 33. c3
Rd1+ 34. Kg2 Qc2+ 35. Kg3 Rxb1 36. Rxb1 Qxc3 37. Qc7 f6 38. Bd6 Rg8 39. Bxa3
Qxa3 40. Qxc4 Qd6+ 41. Kg2 fxg5 42. Qc2 Rd8 43. Rb7 Qf4 44. Rb2 g4 45. Qf2
Rd3 46. Qc2 Qxf3+ 0-1

[Event "American Zonal 2_5 Open"]
[Site "Montevideo, URU"]
[Date "2013.04.19"]
[Round "1.5"]
[White "Bachmann, Axel"]
[Black "Hiriart, Guillermo"]
[Result "1-0"]
[WhiteElo "2529"]
[BlackElo "2049"]

1. Nf3 d6 2. d4 c6 3. e4 Nd7 4. Nc3 a5 5. a4 e5 6. Bc4 Be7 7. dxe5 dxe5 8.
Ng5 Bxg5 9. Qh5 Qf6 10. Bxg5 Qg6 11. Qxg6 hxg6 12. O-O-O f6 13. Be3 b6 14. Rd6
Ne7 15. Rhd1 Rb8 16. h3 c5 17. Nb5 Rb7 18. Re6 Kf8 19. Nd6 Rc7 20. Nxc8 Nxc8
21. Bb5 1-0

[Event "American Zonal 2_5 Open"]
[Site "Montevideo, URU"]
[Date "2013.04.19"]
[Round "1.6"]
[White "Izquierdo, Sebastian"]
[Black "Alonso, Salvador"]
[Result "0-1"]
[WhiteElo "2035"]
[BlackElo "2521"]

1. d4 d5 2. Nf3 Nf6 3. c4 c6 4. Nc3 dxc4 5. a4 Bf5 6. Ne5 Nbd7 7. Nxc4 Qc7 8.
g3 e5 9. dxe5 Nxe5 10. Bf4 Nfd7 11. Bg2 g5 12. Bxe5 Nxe5 13. Qd4 f6 14. Ne4
Nxc4 15. Qxc4 Qa5+ 16. Kf1 O-O-O 17. h3 Qe5 18. Nc3 Rd4 19. Qa2 Bb4 20. Nd1
Rhd8 21. Ne3 Be6 22. Qb1 Rd2 23. Bf3 f5 24. Kg2 Bc5 25. b4 Bxe3 26. fxe3 g4
27. hxg4 fxg4 28. Be4 Rxe2+ 29. Kf1 Rxe3 0-1

[Event "American Zonal 2_5 Open"]
[Site "Montevideo, URU"]
[Date "2013.04.19"]
[Round "1.7"]
[White "Rodriguez Vila, Andres"]
[Black "Muzzi, Eduardo"]
[Result "1-0"]
[WhiteElo "2503"]
[BlackElo "2022"]

1. e4 e6 2. d4 d5 3. e5 c5 4. c3 Nc6 5. Nf3 Qb6 6. Bd3 Nge7 7. O-O cxd4 8.
cxd4 Nf5 9. Bxf5 exf5 10. Nc3 Be6 11. a3 a5 12. Na4 Qc7 13. Qb3 Ra6 14. Be3 Be7
15. Rac1 O-O 16. Ne1 Rb8 17. Nd3 b5 18. Nac5 Bxc5 19. Rxc5 Qb7 20. Rfc1 Rb6
21. Nf4 a4 22. Qd3 Na5 23. Rc7 Qa8 24. Nxe6 fxe6 25. Rxg7+ Kxg7 26. Rc7+ 1-0

[Event "American Zonal 2_5 Open"]
[Site "Montevideo, URU"]
[Date "2013.04.19"]
[Round "1.9"]
[White "Salinas Herrera, Pablo"]
[Black "Lallana Yanez, Daniel"]
[Result "1-0"]
[WhiteElo "2401"]
[BlackElo "1985"]

1. d4 Nf6 2. c4 g6 3. Nc3 Bg7 4. e4 O-O 5. Nf3 d6 6. Be2 c6 7. O-O Na6 8. h3
Nc7 9. Be3 Bd7 10. Nd2 e5 11. d5 c5 12. a3 Nfe8 13. Qc2 Qe7 14. f4 exf4 15.
Bxf4 f5 16. Bh2 Bd4+ 17. Kh1 Nf6 18. exf5 Bxf5 19. Bd3 Bxd3 20. Qxd3 Rae8 21.
Nf3 Bxc3 22. Qxc3 Qd7 23. Ng5 Nh5 24. Rae1 h6 25. Rxe8 Qxe8 26. Re1 Qd8 27.
Ne6 Nxe6 28. dxe6 Qe7 29. Qd3 Qg5 30. e7 Re8 31. Bxd6 Kh7 32. Rf1 Rxe7 33.
Bxe7 Qxe7 34. Qf3 Kg8 35. Rd1 Ng7 36. Qg4 Kh7 37. Qf4 h5 38. Rd5 b6 39. Kh2 Nf5
40. Qe5 Qf7 41. Rd8 Ng7 42. Qb8 g5 43. Rh8+ Kg6 44. Qd6+ Ne6 45. Qd3+ Kf6 46.
Rh6+ Ke7 47. Rh7 Ng7 48. Qe4+ Kf8 1-0

[Event "American Zonal 2_5 Open"]
[Site "Montevideo, URU"]
[Date "2013.04.19"]
[Round "1.10"]
[White "Ruggiero, Alvaro"]
[Black "Vazquez, Guillermo"]
[Result "0-1"]
[WhiteElo "1983"]
[BlackElo "2351"]

1. e4 c5 2. Nc3 a6 3. a4 e6 4. f4 d5 5. exd5 exd5 6. d4 Nf6 7. Nf3 Nc6 8.
Qe2+ Be7 9. Qd1 O-O 10. Be2 Re8 11. Be3 Qb6 12. Qd2 cxd4 13. Nxd4 Bc5 14. O-O-O
Rxe3 15. Qxe3 Bxd4 16. Qg3 Bf5 17. Bd3 Bxc3 18. bxc3 Bxd3 19. Rxd3 Na5 20.
Qe3 Qd6 21. c4 Nxc4 22. Qd4 b5 23. g4 Re8 24. g5 Ne4 25. Qxd5 Qxf4+ 26. Kb1 Qe5
27. Qxe5 Nxe5 28. Re3 Nc4 29. Ree1 Kf8 30. h4 Nc3+ 31. Ka1 Rb8 32. Rh3 Nxa4
33. Rf3 Re8 34. Rd1 Nc5 35. Rd5 Ne4 36. h5 g6 37. hxg6 hxg6 38. Rh3 Kg7 39.
Ka2 Nb6 40. Rdd3 Nxg5 41. Rhg3 Ne4 42. Rgf3 Nc4 43. Rd4 f5 44. Rd7+ Kf6 45.
Ra7 Re6 46. Rh3 f4 47. Rh8 Ke5 48. Rf8 Nf6 49. Rh8 g5 50. Rg7 Kf5 51. Rh6 f3
0-1

[Event "American Zonal 2_5 Open"]
[Site "Montevideo, URU"]
[Date "2013.04.19"]
[Round "1.11"]
[White "Larrea, Manuel"]
[Black "Lanzilotta, Marcelo"]
[Result "1-0"]
[WhiteElo "2308"]
[BlackElo "1980"]

1. e4 c5 2. Nc3 e6 3. f4 Nc6 4. Nf3 d5 5. d3 d4 6. Ne2 Nf6 7. g3 Be7 8. Bg2
b6 9. O-O Bb7 10. h3 Qc7 11. a3 O-O 12. g4 Rfe8 13. Qe1 Rad8 14. Ng3 c4 15.
Rf2 Na5 16. Qd1 b5 17. Ne5 Nd7 18. Nf3 Nc5 19. Bd2 Nc6 20. Bf1 Na4 21. Bc1 Nb6
22. g5 a5 23. Nh5 cxd3 24. cxd3 a4 25. Rg2 Nd7 26. e5 Na5 27. Nf6+ Nxf6 28.
gxf6 Bf8 29. fxg7 Bxg7 30. f5 Kh8 31. f6 Bxf6 32. exf6 Nb3 33. Ng5 1-0

[Event "American Zonal 2_5 Open"]
[Site "Montevideo, URU"]
[Date "2013.04.19"]
[Round "1.12"]
[White "Augoustis Funti, Alexis"]
[Black "Muniz, Rafael"]
[Result "1-0"]
[WhiteElo "1948"]
[BlackElo "2279"]

1. e4 c5 2. d4 cxd4 3. c3 Nf6 4. e5 Nd5 5. Bc4 Qc7 6. Qe2 Nb6 7. Bb3 d3 8.
Qe4 Qc6 9. Qf4 e6 10. Nf3 Be7 11. O-O O-O 12. Qg3 f5 13. Bh6 Rf7 14. Nd4 Qe4
15. f3 f4 16. Qxg7+ Rxg7 17. fxe4 Rf7 18. Rxf4 Nc6 19. Rxf7 Kxf7 20. Bf4 Bc5
21. Be3 Nxe5 22. Nd2 Ng4 23. Bf4 Kg6 24. e5 d5 25. Rf1 Bd7 26. h3 Nh6 27. Bxh6
Kxh6 28. Rf3 Rf8 29. Rxd3 a5 30. Rf3 a4 31. Rxf8 Bxf8 32. Bc2 Bg7 33. N4f3
Bb5 34. Nd4 Bd7 35. N4f3 Be8 36. Kf2 Bg6 37. Bxg6 Kxg6 38. Ke3 h5 39. Kd4 Kf5
40. g3 Bf8 41. Nh4+ Kg5 42. Nhf3+ Kg6 43. b4 a3 44. Nh4+ Kf7 45. Ng2 Bh6 46.
Ne3 Na4 47. Nb1 Kg6 48. Ng2 Bc1 49. Nf4+ Bxf4 50. gxf4 Kf5 51. Ke3 h4 52. Kf3
b6 53. Ke3 Nb2 54. Nxa3 Nd1+ 55. Kf3 Nxc3 56. Nc2 Nxa2 57. Nd4+ Kg6 58. Nxe6
Kf7 59. Nd8+ Ke8 60. Nc6 Kd7 61. b5 Nc3 62. Nd4 Na4 63. f5 Nc5 64. f6 Nd3 65.
e6+ Kd6 66. f7 Ke7 67. Nf5+ Kf8 68. Nxh4 Kg7 69. Nf5+ Kf8 70. h4 Nc5 71. Nd4
Kg7 72. Kg4 Ne4 1-0

[Event "American Zonal 2_5 Open"]
[Site "Montevideo, URU"]
[Date "2013.04.19"]
[Round "1.14"]
[White "Pinero, Ismael"]
[Black "El Ters, Antouan"]
[Result "1-0"]
[WhiteElo "1883"]
[BlackElo "2236"]

1. e4 c5 2. Nf3 Nc6 3. d4 cxd4 4. Nxd4 Nf6 5. Nc3 e5 6. Ndb5 d6 7. Bg5 a6 8.
Na3 b5 9. Bxf6 gxf6 10. Nd5 f5 11. exf5 Nd4 12. c3 Bb7 13. Ne3 b4 14. cxd4
bxa3 15. Qa4+ Qd7 16. Qxd7+ Kxd7 17. dxe5 axb2 18. Rb1 dxe5 19. Rxb2 Kc7 20.
Bc4 Bc5 21. Rxb7+ Kxb7 22. Bd5+ Kc7 23. Bxa8 Bxe3 24. fxe3 Rxa8 25. Kd2 e4 26.
Rc1+ Kd6 27. Rc4 Ke5 28. Rc5+ Kf6 29. Rd5 {Resto ilegible, 68 jugadas.} 1-0

[Event "American Zonal 2_5 Open"]
[Site "Montevideo, URU"]
[Date "2013.04.19"]
[Round "1.16"]
[White "Davila Texeira, Mario"]
[Black "Izquierdo, Daniel"]
[Result "0-1"]
[WhiteElo "1879"]
[BlackElo "2219"]

1. e4 c6 2. d4 d5 3. Nc3 g6 4. f3 Bg7 5. Be3 dxe4 6. fxe4 Nf6 7. Nf3 O-O 8.
Be2 b5 9. e5 Nd5 10. Nxd5 Qxd5 11. O-O Nd7 12. a4 f6 13. axb5 cxb5 14. Nd2 Qe6
15. Bf3 Rb8 16. d5 Qxe5 17. Bxa7 Rb7 18. Bf2 f5 19. c3 Qd6 20. Nb3 Ne5 21.
Bc5 Qd8 22. Re1 Re8 23. Ra8 Qc7 24. Rxe5 Bxe5 25. d6 exd6 26. Bxb7 Qxb7 27.
Ra7 Qe4 28. Bf2 Bb7 29. Qf1 Bd5 30. Nd2 Qf4 31. Qxb5 Qxh2+ 32. Kf1 Qxg2+ 33.
Ke2 Bf7 0-1

[Event "American Zonal 2_5 Open"]
[Site "Montevideo, URU"]
[Date "2013.04.19"]
[Round "1.17"]
[White "Mesias Rojas, Rabindranath"]
[Black "Ibanez, Marcelo"]
[Result "1/2-1/2"]
[WhiteElo "2213"]
[BlackElo "1879"]

1. d4 Nf6 2. Nf3 d6 3. c4 g6 4. Nc3 Bg7 5. e4 Nbd7 6. h3 e5 7. d5 h6 8. Be3
a6 9. Be2 Qe7 10. Nd2 Nh7 11. g4 g5 12. Nf1 Ndf8 13. Qa4+ Bd7 14. Qb3 b6 15.
a4 Ng6 16. a5 Nf4 17. axb6 cxb6 18. Ng3 O-O 19. Qxb6 Rfb8 20. Qc7 Rc8 21. Qa5
Nxe2 22. Ncxe2 Rxc4 23. O-O Rc2 24. Rfb1 h5 25. Rc1 Rxb2 26. Qc7 hxg4 27. Nf5
Qd8 28. Neg3 gxh3 29. Qxd8+ Rxd8 30. Rxa6 Bxf5 31. Nxf5 Bf8 32. Rc7 Rdb8
1/2-1/2

[Event "American Zonal 2_5 Open"]
[Site "Montevideo, URU"]
[Date "2013.04.19"]
[Round "1.18"]
[White "Campiglia, Guido"]
[Black "Ibar, Marcelo"]
[Result "1/2-1/2"]
[WhiteElo "1871"]
[BlackElo "2196"]

1. e4 e5 2. Nf3 Nc6 3. Bb5 a6 4. Ba4 Nf6 5. O-O Be7 6. Bxc6 dxc6 7. d3 Nd7 8.
Nbd2 O-O 9. Nc4 f6 10. Nh4 Qe8 11. Nf5 Bc5 12. Kh1 Nb6 13. Nce3 Be6 14. Qg4
Qd7 15. Qg3 Kh8 16. a4 Rae8 17. Bd2 Nc8 18. Rad1 g6 19. Nh4 Qg7 20. Nf3 b5
21. b3 b4 22. Ng4 Bxg4 1/2-1/2

[Event "American Zonal 2_5 Open"]
[Site "Montevideo, URU"]
[Date "2013.04.19"]
[Round "1.19"]
[White "Almiron, Antonio"]
[Black "Iduate, Guillermo"]
[Result "1-0"]
[WhiteElo "2194"]
[BlackElo "1855"]

1. e4 c5 2. Nf3 Nc6 3. d4 cxd4 4. Nxd4 Qb6 5. Nb3 Nf6 6. Nc3 e6 7. Qe2 Bb4 8.
Bd2 Nd4 9. Nxd4 Qxd4 10. O-O-O Bxc3 11. Bxc3 Qxe4 12. Qd2 d5 13. f3 Qa4 14.
Qg5 Bd7 15. Qxg7 1-0

[Event "American Zonal 2_5 Open"]
[Site "Montevideo, URU"]
[Date "2013.04.19"]
[Round "1.20"]
[White "Garcia, Axel"]
[Black "Zacarias, M Ruben D"]
[Result "0-1"]
[WhiteElo "1790"]
[BlackElo "2186"]

1. c4 Nf6 2. Nc3 g6 3. Nf3 Bg7 4. g3 O-O 5. Bg2 d6 6. O-O e5 7. d3 Nc6 8. Rb1
a5 9. Bg5 h6 10. Bxf6 Bxf6 11. Nd5 Bg7 12. Nd2 f5 13. e3 Ne7 14. Qc2 c6 15.
Nxe7+ Qxe7 16. b4 Be6 17. b5 d5 18. bxc6 bxc6 19. Rb6 Qc5 20. Rfb1 g5 21. Rb7
a4 22. Rc1 Rfc8 23. Qb2 Qd6 24. c5 Qf8 25. Qb4 g4 26. Re1 h5 27. a3 Bh6 28.
d4 Qf6 29. f4 exd4 30. Qxd4 Bg7 31. Qxf6 Bxf6 32. Kf1 Kf8 33. Ke2 Ra5 34. Rc1
Be7 35. Rcb1 Bxc5 36. Rh7 Rb5 37. Rxb5 cxb5 38. Nb1 Re8 39. Rb7 Bxe3 40.
Rxb5 d4 41. Ra5 Rb8 42. Ra6 Bc4+ 0-1

[Event "American Zonal 2_5 Open"]
[Site "Montevideo, URU"]
[Date "2013.04.19"]
[Round "1.21"]
[White "Arcos Facio, Mateo"]
[Black "Nakle, Gonzalo"]
[Result "0-1"]
[WhiteElo "2185"]
[BlackElo "1728"]

1. e4 c5 2. Nf3 d6 3. d4 cxd4 4. Nxd4 Nf6 5. Nc3 e6 6. Be2 Nc6 7. Nb3 Be7 8.
O-O O-O 9. f4 a5 10. a4 Nb4 11. Be3 Bd7 12. Bf3 Bc6 13. Qe2 Qc7 14. Qf2 d5
15. e5 Ne4 16. Bxe4 dxe4 17. Bb6 Qc8 18. Rfe1 Nd5 19. Nxd5 Bxd5 20. Re3 Ra6 21.
Rc3 Qe8 22. Bc5 b6 23. Bxb6 f6 24. Bd4 fxe5 25. Bxe5 Qg6 26. Rg3 Bh4 27.
Rxg6 Bxf2+ 28. Kxf2 hxg6 29. Nd4 g5 30. g3 Kf7 31. fxg5 Kg6+ 32. Ke3 Ra7 33. b3
Raf7 34. c4 Bb7 35. h4 Kh5 36. Nxe6 Rf3+ 37. Kd4 Rd3+ 38. Kc5 Rc8+ 39. Bc7
Rxg3 40. b4 axb4 41. Kb6 Ra3 42. Rh1 Ba8 43. Nxg7+ Kg4 44. g6 e3 45. Rg1+ Kf3
46. Ne6 Kf2 47. Nd8 Be4 48. Rg4 Bxg6 49. Rxg6 e2 50. Rf6+ Rf3 51. Re6 e1=Q 52.
Rxe1 Kxe1 53. Nc6 b3 54. Be5 b2 55. Bxb2 Rb3+ 56. Kc5 Rxb2 57. a5 Ra2 58.
Kb6 Rh8 59. a6 Rxh4 60. c5 Rh6 61. a7 Rxa7 0-1

[Event "American Zonal 2_5 Open"]
[Site "Montevideo, URU"]
[Date "2013.04.19"]
[Round "1.22"]
[White "Milan, Julio"]
[Black "Coppola, Claudio"]
[Result "0-1"]
[WhiteElo "1704"]
[BlackElo "2173"]

1. e4 c5 2. Nc3 d6 3. Bb5+ Nd7 4. d3 g6 5. Be3 Ngf6 6. h3 a6 7. Ba4 b5 8. Bb3
b4 9. Nd5 Bg7 10. Qd2 Nxd5 11. Bxd5 Bxb2 12. Ne2 Bxa1 13. Bxa8 Nb6 14. Bc6+
Bd7 15. Bxd7+ Qxd7 16. O-O Bg7 17. Bh6 O-O 18. Bxg7 Kxg7 19. c3 a5 20. Rb1 d5
21. cxb4 axb4 22. e5 Ra8 23. Rc1 Qb5 24. Rb1 Ra3 25. Rb3 Qa6 26. Rxa3 Qxa3
27. Nc1 c4 28. Qe3 d4 29. Qe2 Qxc1+ 30. Kh2 c3 31. e6 f6 32. g4 Qd2 33. Qf3 c2
0-1

[Event "American Zonal 2_5 Open"]
[Site "Montevideo, URU"]
[Date "2013.04.19"]
[Round "1.23"]
[White "Lopez Azambuja, Nicolas"]
[Black "Solari, Pablo"]
[Result "1-0"]
[WhiteElo "2173"]
[BlackElo "1703"]

1. d4 Nf6 2. c4 e6 3. Nc3 Bb4 4. Qc2 c5 5. dxc5 Na6 6. a3 Bxc3+ 7. Qxc3 Nxc5
8. f3 d6 9. b4 Na4 10. Qb3 Bd7 11. Bf4 b5 12. cxb5 Bxb5 13. e4 a6 14. Bxb5+
axb5 15. Qd3 Qb6 16. Qxd6 Qxd6 17. Bxd6 Nb2 18. Ne2 Kd7 19. Bf4 Rhc8 20. O-O
Nc4 21. Bc1 e5 22. Rd1+ Ke6 23. Kf2 Ne8 24. Rd3 Ned6 25. Nc3 Rc6 26. g4 Rca6
27. Nd5 R8a7 28. Ke2 Nc8 29. Nc3 N8d6 30. Nd5 Nc8 31. Kd1 Rd7 32. Kc2 N8d6 33.
Kb3 Rda7 34. Nc3 Rb7 35. Rd5 Nb6 36. Rd1 Na4 37. Nxa4 Rxa4 38. Rd5 Ra6 39.
a4 bxa4+ 40. Rxa4 Rab6 41. Be3 Rc6 42. Rc5 Rxc5 43. Bxc5 Kd7 44. Ra8 Nc8 45.
Kc4 Ne7 46. Rf8 f6 47. Rf7 Ke6 48. Rxg7 h5 49. gxh5 1-0

[Event "American Zonal 2_5 Open"]
[Site "Montevideo, URU"]
[Date "2013.04.20"]
[Round "2.1"]
[White "Zacarias, M Ruben D"]
[Black "Flores, Diego"]
[Result "0-1"]
[WhiteElo "2186"]
[BlackElo "2600"]

1. e4 c5 2. Nf3 e6 3. d4 cxd4 4. Nxd4 a6 5. c4 Nf6 6. Nc3 Qc7 7. a3 b6 8. Be3
Bb7 9. f3 Be7 10. Be2 O-O 11. O-O d6 12. Rc1 Nbd7 13. b4 Rac8 14. Nb3 Qb8
15. Na4 Bc6 16. Nd4 Ba8 17. Qd2 Bd8 18. Kh1 h5 19. Bf2 h4 20. h3 Nh5 21. Rfd1
Ng3+ 22. Kg1 Ne5 23. Nb3 Bg5 24. Be3 Nxe2+ 25. Qxe2 Bxe3+ 26. Qxe3 Nxc4 27.
Rxc4 Rxc4 28. Nxb6 Rc7 29. e5 Rd8 30. Qd4 d5 31. Na5 Rc2 32. Nac4 Qa7 33. a4 a5
34. bxa5 Ra2 35. Qe3 Qc7 36. Qd4 Qa7 37. Qe3 Qc7 38. Qd4 Qe7 39. Ne3 Qg5 40.
Ng4 Bb7 41. Qd3 Qf4 42. Qd4 Qg3 43. Nf2 Ba6 44. Rc1 Re2 45. f4 Bd3 0-1

[Event "American Zonal 2_5 Open"]
[Site "Montevideo, URU"]
[Date "2013.04.20"]
[Round "2.2"]
[White "Felgaer, Ruben"]
[Black "Lopez Azambuja, Nicolas"]
[Result "1/2-1/2"]
[WhiteElo "2585"]
[BlackElo "2173"]

1. e4 e6 2. d4 d5 3. Nc3 Bb4 4. e5 c5 5. a3 Bxc3+ 6. bxc3 Qa5 7. Bd2 Qa4 8.
Qb1 c4 9. Ne2 Nc6 10. g3 Bd7 11. Nf4 O-O-O 12. Bh3 h5 13. O-O Nge7 14. Qb2 h4
15. Bg4 Rh7 16. Kg2 Rf8 17. Rae1 Rfh8 18. Rh1 Rf8 19. Nh3 Ng6 20. Ng5 Rhh8
21. f4 Nge7 22. Bh3 Nd8 23. Nf3 hxg3 24. hxg3 f6 25. exf6 gxf6 26. Qb4 Qxb4 27.
cxb4 f5 28. Ng5 Rf6 29. Re2 Kc7 30. Rhe1 Rhh6 31. c3 Rhg6 32. Nf3 Rh6 33.
Ne5 Rh7 34. Nf3 Rhh6 35. g4 fxg4 36. Bxg4 Nf5 37. Ng5 Nh4+ 38. Kg3 Nf5+ 39.
Bxf5 Rxf5 40. Rh2 Rxh2 41. Kxh2 Rf8 42. Kg2 Rh8 43. Re3 Kd6 44. Be1 Rh5 45. Bg3
Ke7 46. Re5 Rh6 47. Re1 Kf6 48. Nf3 Nf7 49. Bh4+ Kg7 50. Be7 Rh5 51. Kf2 Rh6
52. Rg1+ Rg6 53. Bg5 Kg8 54. Ne5 Nxe5 55. dxe5 Rg7 56. Ke3 Rh7 57. Kd4 b6 58.
Rg3 Kf7 59. Bf6 Bc6 60. Ke3 Kf8 61. f5 Kf7 62. Kf4 exf5 63. Kxf5 Bd7+ 64.
Kf4 Be6 65. a4 Bd7 66. b5 Be6 67. Rg1 Ke8 68. Rg3 Kf7 69. Rg2 Ke8 70. Rg1 Kf7
71. a5 Bd7 72. axb6 axb6 73. Ra1 Bxb5 74. Rb1 Bd7 75. Rxb6 Rh3 76. Rb7 Ke6 77.
Rb6+ Kf7 78. Rb7 Ke6 79. Rb6+ Kf7 1/2-1/2

[Event "American Zonal 2_5 Open"]
[Site "Montevideo, URU"]
[Date "2013.04.20"]
[Round "2.3"]
[White "Coppola, Claudio"]
[Black "Mareco, Sandro"]
[Result "1/2-1/2"]
[WhiteElo "2173"]
[BlackElo "2580"]

1. d4 Nf6 2. c4 e6 3. g3 c5 4. Nf3 cxd4 5. Nxd4 Qc7 6. Nd2 Bc5 7. N2b3 Be7 8.
Qd3 a6 9. Bg2 Nc6 10. Nxc6 dxc6 11. O-O e5 12. Be3 O-O 13. Rad1 a5 14. h3
Nd7 15. g4 a4 16. Nd2 Nc5 17. Qc3 f5 18. Nf3 fxg4 19. Qxe5 Qxe5 20. Nxe5 gxh3
21. Bxc6 g5 22. Bxc5 Bxc5 23. Bd5+ Kg7 24. Bf3 Ra5 25. Nd7 Rf7 26. Nxc5 Rxc5
27. Bd5 Re7 28. e3 b5 29. cxb5 Rxb5 30. Rd2 Rc5 31. b4 axb3 32. Bxb3 g4 33.
Rd8 Be6 34. Bxe6 Rxe6 35. Rfd1 h5 36. R8d5 Rxd5 37. Rxd5 Kg6 38. a4 h4 39. Rd4
Kg5 40. Rd5+ Kg6 41. Rd4 1/2-1/2

[Event "American Zonal 2_5 Open"]
[Site "Montevideo, URU"]
[Date "2013.04.20"]
[Round "2.4"]
[White "Vasquez Schroeder, Rodrigo"]
[Black "Michailov, Matias"]
[Result "1-0"]
[WhiteElo "2547"]
[BlackElo "2158"]

1. d4 Nf6 2. c4 e6 3. Nf3 d5 4. Nc3 Be7 5. Bg5 O-O 6. e3 h6 7. Bxf6 Bxf6 8.
Rc1 c6 9. Bd3 Nd7 10. O-O dxc4 11. Bxc4 e5 12. h3 exd4 13. exd4 Nb6 14. Bb3
Bf5 15. Re1 Re8 16. Rxe8+ Qxe8 17. Qd2 Rd8 18. Re1 Qd7 19. Qf4 Bg6 20. Ne4 Bxe4
21. Qxe4 Nd5 22. h4 h5 23. g3 Qg4 24. Qxg4 hxg4 25. Ne5 Bxe5 26. dxe5 Kf8
27. Kf1 f5 28. exf6 Nxf6 29. Re2 Rd4 30. Ke1 c5 31. Re5 b6 32. a3 c4 33. Bc2
Kf7 34. h5 Rd7 35. Bg6+ Kf8 36. Ke2 Re7 37. Rxe7 Kxe7 38. Ke3 Kd6 39. Kd4 b5
40. a4 a6 41. Bf5 Kc6 42. a5 Kc7 43. Kc5 Nd7+ 44. Kd5 Nf6+ 45. Ke5 Nxh5 46.
Bxg4 g6 47. Be6 g5 48. Bf7 1-0

[Event "American Zonal 2_5 Open"]
[Site "Montevideo, URU"]
[Date "2013.04.20"]
[Round "2.5"]
[White "Jodorcovsky Werjivker, Paulo"]
[Black "Bachmann, Axel"]
[Result "1/2-1/2"]
[WhiteElo "2165"]
[BlackElo "2529"]

1. d4 Nf6 2. Nf3 g6 3. c4 Bg7 4. Nc3 O-O 5. e4 d6 6. Be2 Bg4 7. Qb3 Nc6 8.
Be3 Nd7 9. Rd1 Rb8 10. O-O a6 11. c5 dxc5 12. dxc5 Bxf3 13. Bxf3 e5 14. Bg4 Nd4
15. Qc4 b5 16. cxb6 Rxb6 17. Bxd7 Qxd7 18. Rd2 Rfb8 19. Nd5 Rxb2 20. Rxb2
Rxb2 21. Qxa6 Qd8 22. h3 c6 23. Bxd4 exd4 24. Qxc6 Rxa2 25. Qc4 Rd2 26. Qb4 Re2
27. Rc1 d3 28. Rd1 Rb2 29. Qc4 d2 30. Qd3 Qa5 31. Ne3 Ra2 32. Nc4 Qc3 33.
Qxc3 Bxc3 34. Kf1 Ra4 35. Nxd2 Bxd2 36. Rxd2 Rxe4 37. g3 1/2-1/2

[Event "American Zonal 2_5 Open"]
[Site "Montevideo, URU"]
[Date "2013.04.20"]
[Round "2.7"]
[White "Saralegui, Mario"]
[Black "Rodriguez Vila, Andres"]
[Result "0-1"]
[WhiteElo "2146"]
[BlackElo "2503"]

1. d4 e6 2. c4 c5 3. d5 exd5 4. cxd5 Nf6 5. Nc3 Bd6 6. g3 Bc7 7. d6 Ba5 8.
Bg2 Nc6 9. Nh3 b6 10. O-O Bb7 11. Nb5 Rb8 12. Nc7+ Kf8 13. Bg5 h6 14. Bh4 g5
15. Nxg5 hxg5 16. Bxg5 Rh5 17. f4 Kg7 18. Nd5 Rxg5 19. fxg5 Nh7 20. h4 Qe8 21.
Qd3 Ne5 22. Qe3 Ng4 23. Qf4 Qe6 24. Rad1 b5 25. Bh3 0-1

[Event "American Zonal 2_5 Open"]
[Site "Montevideo, URU"]
[Date "2013.04.20"]
[Round "2.8"]
[White "Arias Bouzada, Jorge"]
[Black "Salinas Herrera, Pablo"]
[Result "1/2-1/2"]
[WhiteElo "2131"]
[BlackElo "2401"]

1. c4 e5 2. Nc3 Nf6 3. g3 c6 4. d4 exd4 5. Qxd4 d5 6. Bg5 dxc4 7. Qxd8+ Kxd8
8. O-O-O+ Ke8 9. Bxf6 gxf6 10. e3 Be6 11. Nge2 Nd7 12. Nd4 Nb6 13. Be2 f5 14.
f4 Bg7 15. e4 Bxd4 16. Rxd4 Rd8 17. Rhd1 Rxd4 18. Rxd4 fxe4 19. Nxe4 Ke7 20.
Nc5 Bc8 21. Kd2 h5 22. Bxc4 Nxc4+ 23. Rxc4 h4 24. Re4+ Kf6 25. Re3 hxg3 26.
hxg3 b6 27. Ne4+ Kg6 28. Kc3 Be6 29. a3 Bd5 30. g4 f5 31. gxf5+ Kxf5 32. Nd6+
Kxf4 33. Re2 Rh3+ 34. Kd2 Rh7 35. Kc3 Rd7 36. Nc4 Rh7 37. Nd6 Rh6 38. Nc8
Be4 39. Nxa7 Rh3+ 40. Kd2 Rd3+ 41. Ke1 Bf3 42. Rd2 Re3+ 43. Kf2 Be4 44. Rd4 Rb3
45. Rd2 Rh3 46. Nc8 b5 47. Nd6 Bd5 48. Nxb5 Rf3+ 49. Ke1 Re3+ 50. Kf2 Rf3+
51. Ke1 Re3+ 52. Kf2 Rh3 53. Nc3 Rh2+ 54. Ke1 Rh1+ 55. Ke2 Rh2+ 1/2-1/2

[Event "American Zonal 2_5 Open"]
[Site "Montevideo, URU"]
[Date "2013.04.20"]
[Round "2.9"]
[White "Vazquez, Guillermo"]
[Black "Granara Barreto, Sebastian A."]
[Result "1/2-1/2"]
[WhiteElo "2351"]
[BlackElo "2099"]

1. e4 c6 2. d4 d5 3. e5 Bf5 4. h4 h5 5. Bg5 Qb6 6. Bd3 Bxd3 7. Qxd3 e6 8. Nd2
Ne7 9. Ngf3 Qa6 10. c4 Nf5 11. O-O Bb4 12. b3 O-O 13. Rfc1 Nd7 14. a3 Bxd2
15. Qxd2 Qb6 16. c5 Qc7 17. b4 a5 18. b5 cxb5 19. Qd3 Nb8 20. Rab1 b4 21. axb4
axb4 22. Rxb4 Nc6 23. Rb5 Ra7 24. Rcb1 Rfa8 25. Qd1 Rb8 26. Be3 Ra3 27. R5b3
Rxb3 28. Rxb3 Na5 29. Rb4 Nc4 30. Qb3 Na5 31. Qd1 Nc4 32. Qb3 Na5 1/2-1/2